[Event "Treviso op-B 4th"]
[Site "Treviso"]
[Date "2023.03.31"]
[Round "1"]
[White "Poli, Diego"]
[Black "Grassi, Sebastiano"]
[Result "0-1"]
[WhiteElo "1596"]
[BlackElo "1421"]
[PlyCount "60"]
[EventDate "2023.03.31"]
[EventType "swiss"]
[EventRounds "5"]
[EventCountry "ITA"]
[SourceTitle "EXT 2024"]
[Source "ChessBase"]
[SourceDate "2023.10.10"]
[SourceVersion "1"]
[SourceVersionDate "2023.10.10"]
[SourceQuality "1"]

1. d4 Nf6 2. Bf4 g6 3. c4 Bg7 4. Nc3 d6 5. e4 0-0 6. Be2 c5 7. d5 Ne8 8. Qd2 f5 9. Bh6 Nf6 10. h4 fxe4 11. h5 Bf5 12. Bxg7 Kxg7 13. g4 Bxg4 14. Bxg4 Nxg4 15. h6+ Kg8 16. Nxe4 Nd7 17. Qc3 Nde5 18. f3 Nf6 19. Ng5 Qb6 20. b3 a5 21. a4 Qb4 22. Qxb4 axb4 23. Ne2 b5 24. cxb5 Nxd5 25. Kf2 Rf5 26. Rad1 Rxg5 27. f4 Ng4+ 28. Kf3 Rf5 29. Ng3 Rxf4+ 30. Kg2 Nde3+ 0-1

[Event "Mestre Cipressina op-B 4th"]
[Site "Mestre"]
[Date "2015.11.27"]
[Round "1"]
[White "Poli, Diego"]
[Black "Bordin, Silvia"]
[Result "1-0"]
[WhiteElo "1714"]
[BlackElo "1420"]
[PlyCount "93"]
[EventDate "2015.11.27"]
[EventType "swiss"]
[EventRounds "5"]
[EventCountry "ITA"]
[SourceTitle "EXT 2022"]
[Source "ChessBase"]
[SourceDate "2021.10.06"]
[SourceVersion "1"]
[SourceVersionDate "2021.10.06"]
[SourceQuality "1"]

1. d4 f5 2. Nf3 Nf6 3. g3 e6 4. Bg2 d5 5. 0-0 Be7 6. Nbd2 c6 7. c4 0-0 8. a3 Na6 9. c5 Nc7 10. b4 Qe8 11. Ne5 Nd7 12. Ndf3 Qd8 13. Nxd7 Bxd7 14. Ne5 Ne8 15. Nxd7 Qxd7 16. f3 Bf6 17. Bb2 g6 18. Qb3 Nc7 19. Rfe1 Qg7 20. Rad1 Nb5 21. e3 Rfe8 22. a4 Nc7 23. b5 Rab8 24. b6 axb6 25. cxb6 Na6 26. Ba3 e5 27. Bd6 Rbd8 28. Bxe5 Bxe5 29. dxe5 Qxe5 30. Qa3 Qd6 31. Qxd6 Rxd6 32. e4 fxe4 33. fxe4 Red8 34. e5 Re6 35. Bh3 Re7 36. Rd4 c5 37. Rf4 d4 38. e6 Rf8 39. Rxf8+ Kxf8 40. Bf1 Nb8 41. Bc4 Ke8 42. Re5 Nd7 43. Bb5 Kd8 44. Bxd7 Rxd7 45. exd7 Kxd7 46. Rxc5 Kd6 47. Rb5 1-0

[Event "Cipressina op-A 2nd"]
[Site "Venice"]
[Date "2013.12.01"]
[Round "4"]
[White "Poli, Diego"]
[Black "Battagin, Mose"]
[Result "0-1"]
[WhiteElo "1734"]
[BlackElo "1851"]
[PlyCount "90"]
[EventDate "2013.11.29"]
[EventType "swiss"]
[EventRounds "5"]
[EventCountry "ITA"]
[SourceTitle "EXT 2015"]
[Source "ChessBase"]
[SourceDate "2014.11.20"]
[SourceVersion "1"]
[SourceVersionDate "2014.11.20"]
[SourceQuality "1"]

1. d4 d6 2. Nf3 g6 3. c4 Bg7 4. Nc3 Nc6 5. h3 e5 6. dxe5 dxe5 7. Qxd8+ Kxd8 8. Bg5+ f6 9. Rd1+ Bd7 10. Bh4 g5 11. Bg3 h5 12. e4 Nge7 13. Bd3 Kc8 14. a3 Be6 15. Nd5 a5 16. Nd2 a4 17. f3 Re8 18. Bf2 h4 19. Nb1 Bxd5 20. cxd5 Nd4 21. Nc3 c6 22. dxc6 bxc6 23. 0-0 Bf8 24. Rc1 Nb3 25. Rc2 Kb7 26. Bc4 Nd4 27. Rcc1 Red8 28. Rfd1 Ng6 29. Bxd4 exd4 30. Ne2 Kb6 31. Bd3 c5 32. Bc4 Ne5 33. Bd5 Rab8 34. b3 axb3 35. Bxb3 d3 36. Nc3 c4 37. Ba4 Ra8 38. Rb1+ Kc7 39. Rd2 Kc8 40. Bd1 Rxa3 41. Nd5 Rxd5 42. exd5 c3 43. Ra2 Rxa2 44. Bb3 Bc5+ 45. Kh1 Rb2 0-1

[Event "Trieste op"]
[Site "Trieste"]
[Date "2010.05.13"]
[Round "2"]
[White "Poli, Diego"]
[Black "Rozmann, Glauco"]
[Result "1-0"]
[WhiteElo "1724"]
[BlackElo "1772"]
[PlyCount "115"]
[EventDate "2010.05.10"]
[EventType "swiss"]
[EventRounds "6"]
[EventCountry "ITA"]
[SourceTitle "EXT 2024"]
[Source "ChessBase"]
[SourceDate "2023.10.10"]
[SourceVersion "1"]
[SourceVersionDate "2023.10.10"]
[SourceQuality "1"]

1. Nf3 d6 2. d4 Nc6 3. e4 Bg4 4. Bb5 a6 5. Bxc6+ bxc6 6. c4 Nf6 7. Nc3 h6 8. 0-0 d5 9. cxd5 cxd5 10. e5 Ne4 11. h3 Bh5 12. Qa4+ Qd7 13. Qxd7+ Kxd7 14. Nxd5 e6 15. Nc3 Bxf3 16. gxf3 Ng5 17. Kg2 f5 18. h4 Nf7 19. f4 Be7 20. h5 Rhg8 21. Be3 g6 22. hxg6 Rxg6+ 23. Kh2 Rag8 24. Rg1 h5 25. Rxg6 Rxg6 26. f3 Rg8 27. d5 Rb8 28. b3 c5 29. d6 Nxd6 30. exd6 Bxd6 31. Na4 Kc6 32. Rc1 Rb5 33. Kh3 Be7 34. Rc4 Ra5 35. Nc3 Kb7 36. a4 Ka7 37. Ne2 Kb7 38. Bd2 Kb6 39. Bxa5+ Kxa5 40. Nc1 Kb6 41. Nd3 Kc6 42. Ne5+ Kd5 43. Rc2 Kd6 44. Rd2+ Kc7 45. Rd7+ Kb6 46. Rxe7 Ka5 47. Nc6+ Kb6 48. Rxe6 c4 49. bxc4 Kc5 50. Ne5 a5 51. Rc6+ Kb4 52. Rb6+ Kxa4 53. c5 Ka3 54. c6 a4 55. c7 Ka2 56. c8Q a3 57. Qc2+ Ka1 58. Rb1# 1-0

[Event "IBCA-ol blind 13th"]
[Site "Heraklion"]
[Date "2008.10.28"]
[Round "9.4"]
[White "Hengles, Roberto Carlos"]
[Black "Poli, Diego"]
[Result "1-0"]
[WhiteElo "1976"]
[BlackElo "1400"]
[PlyCount "75"]
[EventDate "2008.10.19"]
[EventType "team-swiss"]
[EventRounds "9"]
[EventCountry "GRE"]
[SourceTitle "EXT 2010"]
[Source "ChessBase"]
[SourceDate "2010.11.25"]
[SourceVersion "1"]
[SourceVersionDate "2010.11.25"]
[SourceQuality "1"]
[WhiteTeam "Brazil (blind)"]
[BlackTeam "Italy (blind)"]
[WhiteTeamCountry "BRA"]
[BlackTeamCountry "ITA"]

1. e4 c5 2. Nf3 e6 3. d4 cxd4 4. Nxd4 a6 5. Bd3 Bc5 6. Nb3 Ba7 7. Qg4 Qf6 8. 0-0 Nc6 9. Nc3 d6 10. Qg3 Bb8 11. Bg5 Qg6 12. e5 f5 13. exf6 Qf7 14. fxg7 Qxg7 15. Rae1 Nf6 16. Bxf6 Qxf6 17. Nd5 Qf7 18. Nb6 Bc7 19. Nxa8 e5 20. Nxc7+ Qxc7 21. f4 Be6 22. f5 Rg8 23. Qh4 Bd5 24. Be4 Nb4 25. Bxd5 Nxd5 26. Rf2 Qb6 27. Qxh7 Nf6 28. Qh4 Ng4 29. Ree2 Ne3 30. g3 Rf8 31. f6 Rf7 32. Qg5 Kd7 33. Qxe3 Qxe3 34. Rxe3 Ke6 35. Re4 d5 36. Rg4 e4 37. Kf1 Ke5 38. Rg5+ 1-0

[Event "IBCA-ol blind 13th"]
[Site "Heraklion"]
[Date "2008.10.23"]
[Round "5.4"]
[White "Poli, Diego"]
[Black "Zaja, Stjepan"]
[Result "0-1"]
[WhiteElo "1400"]
[BlackElo "1815"]
[PlyCount "118"]
[EventDate "2008.10.19"]
[EventType "team-swiss"]
[EventRounds "9"]
[EventCountry "GRE"]
[SourceTitle "EXT 2010"]
[Source "ChessBase"]
[SourceDate "2010.11.25"]
[SourceVersion "1"]
[SourceVersionDate "2010.11.25"]
[SourceQuality "1"]
[WhiteTeam "Italy (blind)"]
[BlackTeam "Croatia (blind)"]
[WhiteTeamCountry "ITA"]
[BlackTeamCountry "CRO"]

1. d4 Nf6 2. Bf4 e6 3. e3 d5 4. Nf3 c5 5. c3 Nc6 6. Bd3 b6 7. Bb5 Bd7 8. Bxc6 Bxc6 9. Ne5 Bd7 10. Nd2 Be7 11. Ndf3 0-0 12. g4 Ne4 13. Nxd7 Qxd7 14. Ne5 Qb5 15. Qe2 Qxe2+ 16. Kxe2 Rfc8 17. f3 Nd6 18. g5 cxd4 19. exd4 Nc4 20. Nd3 Bd6 21. Bxd6 Nxd6 22. Rad1 b5 23. Nc5 a5 24. b3 b4 25. Na4 Rc6 26. cxb4 axb4 27. Rc1 Rac8 28. Rc5 Rxc5 29. Nxc5 Nb5 30. Kd3 e5 31. Re1 Nxd4 32. Rxe5 Nxf3 33. Rxd5 Nxh2 34. Na6 f6 35. Nxb4 fxg5 36. Rxg5 h6 37. Rg2 Nf3 38. Ke4 Ng5+ 39. Kd5 Nf7 40. Nc6 Kh7 41. a4 g5 42. a5 h5 43. a6 h4 44. Rf2 Nh6 45. b4 g4 46. b5 g3 47. Re2 h3 48. Re7+ Kh8 49. Re6 Ng4 50. Ne7 Rd8+ 51. Kc6 h2 52. Kc7 Ra8 53. Re1 g2 54. Nc6 g1Q 55. Rxg1 hxg1Q 56. Kb7 Rf8 57. a7 Rf7+ 58. Ka6 Rxa7+ 59. Nxa7 Qa1+ 0-1

[Event "IBCA-ol blind 13th"]
[Site "Heraklion"]
[Date "2008.10.21"]
[Round "3.3"]
[White "Hansen, Arne Mandrup"]
[Black "Poli, Diego"]
[Result "1/2-1/2"]
[WhiteElo "1400"]
[BlackElo "1400"]
[PlyCount "66"]
[EventDate "2008.10.19"]
[EventType "team-swiss"]
[EventRounds "9"]
[EventCountry "GRE"]
[SourceTitle "EXT 2010"]
[Source "ChessBase"]
[SourceDate "2010.11.25"]
[SourceVersion "1"]
[SourceVersionDate "2010.11.25"]
[SourceQuality "1"]
[WhiteTeam "Denmark (blind)"]
[BlackTeam "Italy (blind)"]
[WhiteTeamCountry "DEN"]
[BlackTeamCountry "ITA"]

1. d4 d5 2. Bf4 Bf5 3. e3 c6 4. Nf3 Qb6 5. Qc1 e6 6. Nbd2 Nf6 7. Be2 Nbd7 8. h3 Ne4 9. c3 Nxd2 10. Nxd2 c5 11. 0-0 Rc8 12. Nf3 Be7 13. Ne5 Nxe5 14. Bxe5 f6 15. Bh2 h5 16. Qd2 g5 17. g4 hxg4 18. hxg4 Bg6 19. f3 Kf7 20. Rf2 Rh7 21. f4 gxf4 22. Bxf4 Be4 23. Rh2 Rch8 24. Rf1 Bd6 25. Rff2 Qc7 26. Rxh7+ Rxh7 27. Rh2 Rxh2 28. Kxh2 e5 29. dxe5 Bxe5 30. Kg3 Ke6 31. Bf3 Bxf4+ 32. exf4 Bxf3 33. Kxf3 Qc6 1/2-1/2

[Event "IBCA-ol blind 13th"]
[Site "Heraklion"]
[Date "2008.10.19"]
[Round "1.4"]
[White "Poli, Diego"]
[Black "Baloha, Mykhailo"]
[Result "1-0"]
[WhiteElo "1400"]
[BlackElo "2170"]
[PlyCount "77"]
[EventDate "2008.10.19"]
[EventType "team-swiss"]
[EventRounds "9"]
[EventCountry "GRE"]
[SourceTitle "EXT 2010"]
[Source "ChessBase"]
[SourceDate "2010.11.25"]
[SourceVersion "1"]
[SourceVersionDate "2010.11.25"]
[SourceQuality "1"]
[WhiteTeam "Italy (blind)"]
[BlackTeam "Ukraine (blind)"]
[WhiteTeamCountry "ITA"]
[BlackTeamCountry "UKR"]

1. d4 Nf6 2. Bf4 d5 3. e3 Bf5 4. Bd3 Bxd3 5. cxd3 Nbd7 6. Nf3 Nh5 7. Bg5 h6 8. Bh4 g5 9. Bg3 c6 10. Nc3 Bg7 11. 0-0 Nxg3 12. hxg3 Qb6 13. Qb3 e5 14. Rfe1 Qxb3 15. axb3 exd4 16. exd4+ Kd8 17. Ne5 Bxe5 18. dxe5 Nc5 19. Rad1 Nxb3 20. d4 Rg8 21. Rd3 Na5 22. Nd1 b5 23. Rf3 Ke7 24. Ne3 Rg6 25. Nf5+ Kd7 26. Nd6 Rf8 27. Ra1 Rxd6 28. exd6 Nc4 29. Rxa7+ Ke6 30. Re7+ Kxd6 31. Rfxf7 Rxf7 32. Rxf7 Nxb2 33. Rf6+ Kc7 34. Rxh6 Nc4 35. Re6 b4 36. f4 gxf4 37. gxf4 Kd7 38. Re1 Nd2 39. Re2 1-0